00354nam a2200145Ia 4500003000400000005001700004008004100021040000900062082002000071100001700091245002700108260004500135300000800180650002000188OSt20201204094617.0190216s9999||||xx |||||||||||||| ||und|| coclc a894.8123bKES/U aKesavadev, P 0aUlakka /cP Kesavadev  bPoorna Publications,c1996.a Kozhikode: a55p aMalayalam Novel